00493nam a2200169Ia 4500003000900000008004100009040001600050080001700066100002500083245006000108260003900168300001800207650001300225650004100238650002200279650002200301IN-BaIIA211028s9999 xx 000 0 eng d cIIA Library a52(091)bGUI aGuinness, Grattan H. 0aCreation centred in christbvol. IcH. Grattan Guinness aLondonbHodder and Stoughtonc1896 axxxvii, 536p. aArchives aAstronomy and Astrophysics Thesaurus aAstronomy-History aHistory-Astronomy